Normal view MARC view

Entry Personal Name

Number of records used in: 1

001 - CONTROL NUMBER

  • control field: 21436

003 - CONTROL NUMBER IDENTIFIER

  • control field: OSt

005 - DATE AND TIME OF LATEST TRANSACTION

  • control field: 20211105134554.0

008 - FIXED-LENGTH DATA ELEMENTS

  • fixed length control field: 211105|| aca||aabn | a|a d

040 ## - CATALOGING SOURCE

  • Original cataloging agency: OSt
  • Transcribing agency: OSt

100 ## - HEADING--PERSONAL NAME

  • Personal name: Eiroa, C., ed

670 ## - SOURCE DATA FOUND

  • Source citation: Work cat.: (OSt): Workshop on Infrared Space Interferometry-Astrophysics and the Study of Earth-Like Planets Spain 1996 Mar. 11-14 21435, Infrared space interferometry-astrophysics and the study of earth-like planets, 1997

Powered by Koha